| 000 | 00745nam a2200229Ia 4500 | ||
|---|---|---|---|
| 005 | 20230705110509.0 | ||
| 008 | 210716s2006 xx 000 0 und d | ||
| 020 | _a0070435634 | ||
| 040 | _cAIMIT LIBRARY | ||
| 041 | _aeng | ||
| 082 |
_a004.65 _22 _bFORB |
||
| 100 |
_aForouzan, Behrouz A. _9125575 |
||
| 245 |
_aData communications and networking / _cBy Behrouz A Forouzan. |
||
| 250 | _a2nd ed. | ||
| 260 |
_aNew Delhi _bTata McGraw Hill Publishing Company Ltd _c2006 |
||
| 300 |
_axxxii,908p. ; _b24 cm. |
||
| 650 |
_aProtocols and standards _9125576 |
||
| 650 |
_aEncoding and modulating _9125577 |
||
| 650 |
_aError detection and correction _9125578 |
||
| 650 |
_aIntegrated service digital network _9125579 |
||
| 942 |
_2ddc _cBK _e2nd |
||
| 999 |
_c184204 _d184204 |
||